| 000 | 00460nam a22001817a 4500 | ||
|---|---|---|---|
| 003 | OSt | ||
| 005 | 20180116183105.0 | ||
| 008 | 170727b xxu||||| |||| 00| 0 eng d | ||
| 020 | _a9788131756195 | ||
| 040 | _c0 | ||
| 082 | _a808.06665 net 2011 | ||
| 100 | _aMichael Netzely | ||
| 245 |
_aGuide to Report Writing _cMichael Netzely |
||
| 260 |
_aIndia _bPearson _c2011 |
||
| 300 |
_a81p. _bpb. |
||
| 440 | _aGuide to Report Writing | ||
| 942 |
_2ddc _cBK |
||
| 999 |
_c351999 _d351999 |
||